<?xml version="1.0" encoding="UTF-8"?><?xml-stylesheet type="text/xsl" href="static/style.xsl"?><OAI-PMH xmlns="http://www.openarchives.org/OAI/2.0/" xmlns:xsi="http://www.w3.org/2001/XMLSchema-instance" xsi:schemaLocation="http://www.openarchives.org/OAI/2.0/ http://www.openarchives.org/OAI/2.0/OAI-PMH.xsd"><responseDate>2026-04-13T05:57:21Z</responseDate><request verb="GetRecord" identifier="oai:www.recercat.cat:2445/171923" metadataPrefix="marc">https://recercat.cat/oai/request</request><GetRecord><record><header><identifier>oai:recercat.cat:2445/171923</identifier><datestamp>2025-12-04T19:38:51Z</datestamp><setSpec>com_2072_1057</setSpec><setSpec>col_2072_478813</setSpec><setSpec>col_2072_478917</setSpec></header><metadata><record xmlns="http://www.loc.gov/MARC21/slim" xmlns:dcterms="http://purl.org/dc/terms/" xmlns:xsi="http://www.w3.org/2001/XMLSchema-instance" xmlns:doc="http://www.lyncode.com/xoai" xsi:schemaLocation="http://www.loc.gov/MARC21/slim http://www.loc.gov/standards/marcxml/schema/MARC21slim.xsd">
   <leader>00925njm 22002777a 4500</leader>
   <datafield ind2=" " ind1=" " tag="042">
      <subfield code="a">dc</subfield>
   </datafield>
   <datafield ind2=" " ind1=" " tag="720">
      <subfield code="a">Núñez, Nerea</subfield>
      <subfield code="e">author</subfield>
   </datafield>
   <datafield ind2=" " ind1=" " tag="720">
      <subfield code="a">Martínez, Clara</subfield>
      <subfield code="e">author</subfield>
   </datafield>
   <datafield ind2=" " ind1=" " tag="720">
      <subfield code="a">Saurina, Javier</subfield>
      <subfield code="e">author</subfield>
   </datafield>
   <datafield ind2=" " ind1=" " tag="720">
      <subfield code="a">Núñez Burcio, Oscar</subfield>
      <subfield code="e">author</subfield>
   </datafield>
   <datafield ind2=" " ind1=" " tag="260">
      <subfield code="c">2020-11-11T11:31:10Z</subfield>
   </datafield>
   <datafield ind2=" " ind1=" " tag="260">
      <subfield code="c">2021-07-24T05:10:18Z</subfield>
   </datafield>
   <datafield ind2=" " ind1=" " tag="260">
      <subfield code="c">2020-07-24</subfield>
   </datafield>
   <datafield ind2=" " ind1=" " tag="260">
      <subfield code="c">2020-11-11T11:31:10Z</subfield>
   </datafield>
   <datafield ind2=" " ind1=" " tag="520">
      <subfield code="a">BACKGROUND: Coffee is one of the most popular beverages around the world, consumed as an infusion of ground roasting coffee beans with a characteristic taste and flavor. Two main varieties, Arabica and Robusta, are worldwide produced. Besides, the interest of consumers in quality attributes related to coffee production region and varieties is increasing, being necessary encouraging the development of simple methodologies to authenticate and to guarantee the coffee origin, variety, as well as the roasting degree to prevent fraudulent practices. RESULTS: C18 high-performance liquid chromatography with fluorescence detection (HPLC-FLD) fingerprints obtained after brewing the coffees without any sample treatment other than filtration (considerably reducing sample manipulation) were employed as sample chemical descriptors for coffee characterization and classification by principal component analysis (PCA) and partial least squares regression-discriminant analysis (PLS-DA). PLS-DA showed good classification capabilities regarding coffee origin, variety and roasting degree when employing HPLC-FLD fingerprints although overlapping for some sample groups occurred. However, the discrimination power increased when selecting HPLC-FLD fingerprinting segments richer in discriminant features, which were deduced from PLS-DA loading plots. In this case, excellent separation was observed and 100% classification rates for both PLS-DA calibrations and predictions were obtained (all samples were correctly classified within their corresponding groups). CONCLUSION: HPLC-FLD fingerprinting segments resulted to be suitable chemical descriptors to discriminate the origin (country of production), variety (Arabica and Robusta) and roasting degree of coffee. Therefore, HPLC-FLD fingerprinting can be proposed as a feasible, simple and cheap methodology to address coffee authentication, especially for developing coffee production countries.</subfield>
   </datafield>
   <datafield tag="653" ind2=" " ind1=" ">
      <subfield code="a">Cuina (Cafè)</subfield>
   </datafield>
   <datafield tag="653" ind2=" " ind1=" ">
      <subfield code="a">Quimiometria</subfield>
   </datafield>
   <datafield tag="653" ind2=" " ind1=" ">
      <subfield code="a">Cromatografia de líquids</subfield>
   </datafield>
   <datafield tag="653" ind2=" " ind1=" ">
      <subfield code="a">Cooking (Coffee)</subfield>
   </datafield>
   <datafield tag="653" ind2=" " ind1=" ">
      <subfield code="a">Chemometrics</subfield>
   </datafield>
   <datafield tag="653" ind2=" " ind1=" ">
      <subfield code="a">Liquid chromatography</subfield>
   </datafield>
   <datafield ind2="0" ind1="0" tag="245">
      <subfield code="a">High‐performance liquid chromatography with fluorescence detection fingerprints as chemical descriptors to authenticate the origin, variety and roasting degree of coffee by multivariate chemometric methods</subfield>
   </datafield>
</record></metadata></record></GetRecord></OAI-PMH>